De Buonaparte y de los borbones / (Record no. 48203)

MARC details
000 -LEADER
campo de control de longitud fija 00845nam a22002175i 4500
001 - NÚMERO DE CONTROL
campo de control 48203
003 - IDENTIFICADOR DE NÚMERO DE CONTROL
campo de control ES-MaACL
005 - FECHA Y HORA DE LA ÚLTIMA TRANSACCIÓN
campo de control 20250809063456.0
007 - CAMPO FIJO DE DESCRIPCIÓN FÍSICA--INFORMACIÓN GENERAL
campo de control de longitud fija t|
008 - DATOS DE LONGITUD FIJA--INFORMACIÓN GENERAL
campo de control de longitud fija 950726s1814 sp ||||1| spa d
040 ## - FUENTE DE CATALOGACIÓN
Centro catalogador/agencia de origen CAM
Lengua de catalogación spa
Centro/agencia transcriptor CAM
100 1# - ENTRADA PRINCIPAL--NOMBRE DE PERSONA
Nombre de persona Chateaubriand, François-René,
Títulos y otros términos asociados al nombre vicomte de,
Fechas asociadas al nombre 1768-1848
9 (RLIN) 38177
245 10 - MENCIÓN DEL TÍTULO
Título De Buonaparte y de los borbones /
Mención de responsabilidad, etc. por F. A. de Chateaubriand; traducido al castellano por José Joaquín de Mora.
260 ## - PUBLICACIÓN, DISTRIBUCIÓN, ETC.
Lugar de publicación, distribución, etc. En Cadiz :
Nombre del editor, distribuidor, etc. [s.n.],
Fecha de publicación, distribución, etc. 1814 (
Fabricante en la imprenta de Ramón Howe)
300 ## - DESCRIPCIÓN FÍSICA
Extensión 64, [4] p. ;
Dimensiones 20 cm.
600 04 - PUNTO DE ACCESO ADICIONAL DE MATERIA--NOMBRE DE PERSONA
Nombre de persona Napoleón
Numeración I
Títulos y otros términos asociados al nombre , Emperador de Francia.
9 (RLIN) 84910
651 #4 - PUNTO DE ACCESO ADICIONAL DE MATERIA--NOMBRE GEOGRÁFICO
Nombre geográfico Francia-
Subdivisión general Historia-
Subdivisión cronológica 1589-1789, Casa de Borbón.
9 (RLIN) 151680
700 1# - ENTRADA AGREGADA--NOMBRE PERSONAL
Nombre de persona Mora, José Joaquín de (
Fechas asociadas al nombre 1783-1864)
9 (RLIN) 82860
852 ## - LOCALIZACIÓN
Ubicación ES-MaACL
Número de control de estantería R-3093(8)
Encuadernación Olim:T-132-F
Holdings
Estatus retirado Estado de pérdida Estado de daño No para préstamo Colección Biblioteca de origen Biblioteca actual Ubicación en estantería Fecha de adquisición Fuente de adquisición Total de préstamos Signatura topográfica completa Código de barras Visto por última vez Precio de reemplazo Tipo de ítem Koha
        Libros del s. XIX Biblioteca del Ateneo de Madrid Biblioteca del Ateneo de Madrid Depósito 17/01/2008     R-3093(8) 1050729 23/02/2023 23/02/2023 Libro impreso antiguo